Isolation and identification of toxigenic and non-toxigenic fungi in samples of medicinal plants from the market (Registro n. 299866)
[ somente texto ]
| 000 -LÍDER | |
|---|---|
| fixed length control field | 03258nab a2200289 i 4500 |
| 003 - CÓDIGO MARC DA AGÊNCIA CATALOGADORA | |
| Campo de controle | BR-BrBNA |
| 005 - DATA E HORA DA ÚLTIMA ATUALIZAÇÃO | |
| Campo de controle | 20240603105140.0 |
| 008 - CAMPO DE TAMANHO FIXO | |
| fixed length control field | 240603b2015 bl.qr|pooa||| 00| 0 eng | |
| 040 ## - FONTE DA CATALOGAÇÃO | |
| Agência catalogadora | BR-BrBNA |
| Idioma da catalogação | eng |
| 072 ## - CATEGORIA AGRIS | |
| Código AGRIS | J11 |
| 072 ## - CATEGORIA AGRIS | |
| Código AGRIS | H20 |
| 072 ## - CATEGORIA AGRIS | |
| Código AGRIS | F60 |
| 100 ## - ENTRADA PRINCIPAL - NOME PESSOAL | |
| Nome pessoal | Pereira, C.G. |
| 100 ## - ENTRADA PRINCIPAL - NOME PESSOAL | |
| Nome pessoal | Silva, J.R.O. |
| 100 ## - ENTRADA PRINCIPAL - NOME PESSOAL | |
| Nome pessoal | Batista, L.R. |
| 245 ## - TÍTULO PRINCIPAL | |
| Título principal | Isolation and identification of toxigenic and non-toxigenic fungi in samples of medicinal plants from the market |
| 500 ## - NOTA GERAL | |
| Nota geral | Publicação on-line; 28 ref.; 1 table; 1 illus.; Summaries (En, Pt) |
| 942 ## - ADDED ENTRY ELEMENTS (KOHA) | |
| Koha item type | |
| 520 ## - NOTA DE RESUMO | |
| Nota de conteúdo | <br/><br/>ABSTRACT: <br/><br/>The consumption of preparations of medicinal plants has been increasing during<br/>the last decades in occidental societies. The presence of toxigenic fungi in a plant product may<br/>represent a potential risk of contamination, because of aflatoxins and ochratoxins. In this study,<br/>12 samples of medicinal plants were analyzed in relation to the level of fungal contamination,<br/>and the presence of producers of ochratoxin A and aflatoxins was assessed by visualization<br/>of fungi using a cromatovisor in coconut milk. Most of the species found belong to the genus<br/>Cladosporium, Fusarium, Aspergillus and Penicillium. Species producing ochratoxin A were<br/>present in 2 samples (16.7%), Melissa and Hibiscus. Species producing aflatoxin were found in<br/>samples of Jacaranda decurrens (8.33%). This study suggests that herbs, if stored improperly,<br/>can provide the growth of fungi and should be examined before consumption.<br/><br/>Key words: Aspergillus. Penicillium. Moulds. Mycotoxin.<br/> |
| 520 ## - NOTA DE RESUMO | |
| Nota de conteúdo | <br/><br/>RESUMO: <br/><br/>Isolamento e identificação de fungos toxigênicos e não toxigênicos em<br/>amostras plantas medicinais do comércio. O consumo das plantas medicinais vem<br/>aumentando nas últimas décadas nas sociedades ocidentais, porém, a presença de fungos<br/>toxigênicos nestas plantas pode representar um risco em potencial de contaminação devido<br/>à produção de aflatoxinas e ocratoxinas. Neste trabalho, 12 amostras de plantas medicinais<br/>foram analisadas em relação ao nível de contaminação por fungos, enquanto a presença de<br/>produtores de ocratoxina A e aflatoxinas foi avaliada pela visualização em cromatovisor dos<br/>fungos em meio de leite de coco. A maioria das espécies encontradas pertence aos gêneros<br/>Cladosporium, Fusarium, Aspergillus e Penicillium. Espécies produtoras de ocratoxina A estavam<br/>presentes em 2 amostras (16,7%), Melissa e Hibisco. Espécies produtoras de aflatoxina foram<br/>encontradas na amostra de Carobinha (8,33%). Este trabalho sugere que as ervas, sendo<br/>armazenadas inadequadamente, proporcionam o crescimento de fungos e, por isso, estes<br/>devem ser examinados antes do consumo.<br/><br/>Palavras chave: Aspergillus. Penicillium. Fungos. Micotoxinas |
| 650 ## - ASSUNTO - THESAGRO | |
| Cabeçalho tópico ou nome geográfico | ASPERGILLUS NIGER |
| 650 ## - ASSUNTO - THESAGRO | |
| Cabeçalho tópico ou nome geográfico | FUNGO |
| 650 ## - ASSUNTO - THESAGRO | |
| Cabeçalho tópico ou nome geográfico | MICOTOXINA |
| 773 0# - ENTRADA ANALÍTICA | |
| Host Biblionumber | 3543 |
| Registro do item | 315533 |
| Imprenta | Botucatu-SP Instituto de Biociências - Departamento de Química e Bioquímica 1998 |
| Outro identificador | 2024-1859 |
| Título | Revista Brasileira de Plantas Medicinais (Brazil) |
| ISSN | 1516-0572 |
| Colação | v. 17(2) p. 262-266; (2015) |
| Número de controle de registro | BR2024000838 |
| 856 ## - ACESSO E ENDEREÇO ELETRÔNICO | |
| Identificador uniforme de recurso - URI | https://www.scielo.br/j/rbpm/a/hGphCGtdFkxYLqNwNLF4Zsx/?format=pdf&lang=en |
Nenhum exemplar disponível.

BINAGRI